000 00619nam a2200217Ia 4500
003 OSt
005 20230408131217.0
008 210423s2014 xx 000 0 und d
020 _a81-219-4334-5
040 _cAL
041 _aeng
082 _a658
_223
_bSENB
100 _aSENTHILKUMAR (S);DURAI (Marutha M);SHARMILA (A);POORNIMA (J)
_985073
245 _aBusiness policy and strategic management
260 _aNew Delhi
_bS Chand & Company Ltd
_c2014
300 _ax,406
_bPB
365 _b295
_cINR
650 _aManagement
_985074
906 _aBusiness ; management ; policy ; strategic
942 _2ddc
_cBK
999 _c169465
_d169465